000 00401nam a2200181Ia 4500
005 20240823035735.0
008 240823s9999||||xx |||||||||||||| ||und||
041 _aTAMIL
082 _A920 P9
100 _aNatrajan R
245 0 _aTatakkakal Pira Barsikal
250 _a1st
260 _c2009
_bManiyam Pathi
500 _aYES
650 _aTatakkal
_bGeneral
942 _cBK
999 _c201404
_d201404